[Event "12. Lichtenberger Sommer"]
[Site "Berlin"]
[Date "2013.08.18"]
[Round "2.93"]
[White "Nguyen, Phuong Thuy Anh"]
[Black "Krüger, Ekkehard"]
[Result "0-1"]
[WhiteElo "1436"]
[BlackElo "1806"]
[PlyCount "74"]
[EventDate "2013.??.??"]
[WhiteTeam "Schachunion Berlin e.V."]
[BlackTeam "SG Narva Berlin e.V."]

1. e4 e5 2. Nf3 Nc6 3. Bc4 Be7 4. c3 Nf6 5. d3 d6 6. O-O Na5 7. Nbd2 Nxc4 8.
Nxc4 h6 9. Re1 Be6 10. b3 c5 11. d4 exd4 12. cxd4 b5 13. d5 Bg4 14. Ne3 Bc8 15.
Qc2 O-O 16. Bb2 Re8 17. Rad1 Qb6 18. e5 dxe5 19. Bxe5 Ng4 20. Nxg4 Bxg4 21. d6
Bg5 22. Qd3 Rad8 23. h3 Be6 24. Nxg5 hxg5 25. Qc3 f6 26. Bg3 Kf7 27. Rc1 c4 28.
bxc4 bxc4 29. Qe3 Qxe3 30. Rxe3 Rd7 31. Rb1 Bf5 32. Rc1 Rxe3 33. fxe3 Bd3 34.
Kf2 Rb7 35. Kf3 Rb2 36. a3 f5 37. Be5 Be4+ 0-1

[Event "12. Lichtenberger Sommer"]
[Site "Berlin"]
[Date "2013.08.18"]
[Round "2.94"]
[White "Landt, Stefan"]
[Black "Laurin, Dirk"]
[Result "1-0"]
[WhiteElo "1929"]
[BlackElo "1647"]
[PlyCount "63"]
[EventDate "2013.??.??"]
[WhiteTeam "SV Berolina Mitte e.V."]
[BlackTeam "SG Narva Berlin e.V."]

1. d4 Nf6 2. c4 g6 3. Nc3 Bg7 4. e4 d6 5. h3 O-O 6. Bg5 c6 7. Qd2 Nbd7 8. Bd3
a6 9. a4 c5 10. d5 Ne5 11. Be2 Rb8 12. f4 Ned7 13. Nf3 Nh5 14. Bh4 Bf6 15. Bf2
Bg7 16. g4 Nhf6 17. Bh4 Qa5 18. e5 dxe5 19. fxe5 Nxg4 20. hxg4 Nxe5 21. Bg3
Nxf3+ 22. Bxf3 Ra8 23. Ra3 f5 24. d6 exd6 25. Bd5+ Kh8 26. Rxh7+ Kxh7 27. Qh2+
Bh6 28. g5 Re8+ 29. Kf2 Be6 30. Qxh6+ Kg8 31. Qxg6+ Kh8 32. Qf6+ 1-0

[Event "12. Lichtenberger Sommer"]
[Site "Berlin"]
[Date "2013.08.18"]
[Round "2.95"]
[White "Albinus, Günter"]
[Black "Toth, Hans-Jürgen"]
[Result "0-1"]
[WhiteElo "1844"]
[BlackElo "1641"]
[PlyCount "59"]
[EventDate "2013.??.??"]
[WhiteTeam "SG Weißensee 49 e.V."]
[BlackTeam "Schachfreunde Zehdenick 76 e.V."]

1. Nf3 f5 2. d3 Nf6 3. Nbd2 e6 4. e4 d5 5. e5 Ng4 6. Nb3 Nc6 7. d4 g6 8. h3 Nh6
9. Bg5 Ne7 10. Bf6 Rg8 11. Ng5 Rg7 12. Bxg7 Bxg7 13. Nc5 Nc6 14. Ngxe6 Bxe6 15.
Nxe6 Qe7 16. Nxg7+ Qxg7 17. Qd2 O-O-O 18. O-O-O Nf7 19. h4 h5 20. Bb5 Nb8 21.
Rh3 c6 22. Be2 Re8 23. Rg3 Qh7 24. c4 Nxe5 25. dxe5 Rxe5 26. cxd5 Rxd5 27. Qg5
Nd7 28. Rxd5 cxd5 29. Rc3+ Kb8 30. Qd8# 0-1

[Event "12. Lichtenberger Sommer"]
[Site "Berlin"]
[Date "2013.08.18"]
[Round "2.96"]
[White "Schmidek, Johann"]
[Black "Fiedler, Wolfgang"]
[Result "0-1"]
[WhiteElo "1424"]
[BlackElo "2012"]
[PlyCount "72"]
[EventDate "2013.??.??"]
[WhiteTeam "vereinslos"]
[BlackTeam "SV Berolina Mitte e.V."]

1. d4 d5 2. c4 Nc6 3. e3 Nf6 4. Nc3 e6 5. Nf3 a6 6. Be2 dxc4 7. Bxc4 b5 8. Bd3
Nb4 9. Be2 Bb7 10. O-O Nbd5 11. Qc2 g6 12. Ne5 Bg7 13. Bf3 O-O 14. a3 Qd6 15.
Nd3 Nd7 16. Ne4 Qb6 17. Nec5 Bc6 18. Rb1 Nxc5 19. Nxc5 Ne7 20. Nd7 Bxd7 21.
Bxa8 Rxa8 22. Rd1 Bc6 23. b4 Qb7 24. f3 Rd8 25. Bb2 Bd5 26. Qc5 Bf8 27. Rbc1
Bc4 28. a4 Nd5 29. e4 Bxc5 30. dxc5 Qc6 31. exd5 Rxd5 32. Re1 Qd7 33. axb5 Bxb5
34. Bc3 c6 35. Be5 Rxe5 36. Rxe5 Qd4+ 0-1

[Event "12. Lichtenberger Sommer"]
[Site "Berlin"]
[Date "2013.08.18"]
[Round "2.97"]
[White "Jancke, Manfred"]
[Black "Rose, Luis Stratos"]
[Result "1-0"]
[WhiteElo "1755"]
[BlackElo "1410"]
[PlyCount "99"]
[EventDate "2013.??.??"]
[WhiteTeam "SC Eintracht Berlin e.V."]
[BlackTeam "SC Kreuzberg e.V."]

1. Nf3 g6 2. g3 Nf6 3. Bg2 Bg7 4. c4 d6 5. d4 O-O 6. Nc3 c5 7. O-O Nfd7 8. d5
Ne5 9. Nxe5 Bxe5 10. Bh6 Bg7 11. Qd2 Nd7 12. b3 Qa5 13. Bxg7 Kxg7 14. Qb2 Nf6
15. Ne4 Bf5 16. Nxf6 exf6 17. e4 Bd7 18. a3 Qd8 19. b4 b6 20. Rfe1 Qe7 21. f4
Rfe8 22. Rab1 Rab8 23. Re3 Kg8 24. bxc5 bxc5 25. Rb3 Rxb3 26. Qxb3 Bc8 27. Qa4
Qd7 28. Qa5 Kg7 29. Rb8 Qg4 30. Qd2 Qd7 31. Qa5 Qg4 32. Qe1 Qd7 33. Qc3 Qe7 34.
Bf3 Qc7 35. Rb1 Re7 36. Rb2 Re8 37. g4 Qe7 38. g5 Bh3 39. Bh1 Bg4 40. h3 Bh5
41. Bg2 h6 42. h4 hxg5 43. hxg5 Bg4 44. a4 Bd1 45. a5 Bh5 46. a6 Ra8 47. Rb7
Qd8 48. Bh3 Bd1 49. Be6 Kh8 50. Rxf7 1-0

[Event "12. Lichtenberger Sommer"]
[Site "Berlin"]
[Date "2013.08.18"]
[Round "2.98"]
[White "Gruener, Reinhard"]
[Black "Dittrich, Hans-Jürgen"]
[Result "1-0"]
[WhiteElo "2016"]
[BlackElo "1380"]
[PlyCount "30"]
[EventDate "2013.??.??"]
[WhiteTeam "SG Lasker Steglitz-Wilmersdorf"]
[BlackTeam "vereinslos"]

1. d4 d5 2. Nc3 Nf6 3. Bg5 h6 4. Bxf6 gxf6 5. e4 dxe4 6. Nxe4 e6 7. c3 b6 8.
Qf3 c6 9. Nxf6+ Ke7 10. Bd3 Bg7 11. Nh5 Qf8 12. Qg3 Bf6 13. Nxf6 Kxf6 14. Nf3
Ke7 15. Qc7+ Ke8 1-0

[Event "12. Lichtenberger Sommer"]
[Site "Berlin"]
[Date "2013.08.18"]
[Round "2.99"]
[White "Lehmann, Tornalf"]
[Black "Ziems, Michael"]
[Result "0-1"]
[WhiteElo "1680"]
[BlackElo "1839"]
[PlyCount "44"]
[EventDate "2013.??.??"]
[WhiteTeam "SC Heilsbronn 1951 e.V."]
[BlackTeam "SV Empor Berlin e.V."]

1. e4 e6 2. d4 d5 3. e5 c5 4. c3 Nc6 5. Nf3 Qb6 6. Bd3 Bd7 7. O-O cxd4 8. cxd4
Nxd4 9. Nxd4 Qxd4 10. Nc3 Qb6 11. a3 g6 12. Qe2 a6 13. Kh1 h5 14. f4 Nh6 15.
Rb1 h4 16. h3 Nf5 17. Bxf5 gxf5 18. Bd2 d4 19. Qf2 Bc6 20. b4 Rg8 21. Rg1 Rg3
22. Ne2 Rxh3# 0-1

[Event "12. Lichtenberger Sommer"]
[Site "Berlin"]
[Date "2013.08.18"]
[Round "2.100"]
[White "Bockrath, Hendrik"]
[Black "Boeck, Rüdiger"]
[Result "1-0"]
[WhiteElo "1382"]
[BlackElo "1829"]
[PlyCount "133"]
[EventDate "2013.??.??"]
[WhiteTeam "SC Kreuzberg e.V."]
[BlackTeam "SC Weisse Dame Ulm e.V."]

1. d4 d5 2. c4 e6 3. Nf3 Nf6 4. Bg5 Be7 5. Nc3 O-O 6. e3 h6 7. Bh4 Nbd7 8. Bd3
dxc4 9. Bxc4 Re8 10. O-O Nb6 11. Bb3 Nfd5 12. Bxe7 Qxe7 13. e4 Nxc3 14. bxc3 c6
15. Qd3 Nd7 16. e5 b6 17. Bc2 Nf8 18. Nd2 Rd8 19. Ne4 c5 20. Nd6 cxd4 21. cxd4
Bb7 22. Bb3 Ng6 23. Qg3 Qd7 24. Rac1 Ne7 25. Qf4 Nc8 26. Nxb7 Qxb7 27. Rc3 Qd7
28. Rfc1 Ne7 29. Rc7 Qe8 30. Rb7 Ng6 31. Qe4 Rdc8 32. Rbc7 Rxc7 33. Rxc7 Rc8
34. Qb7 Rxc7 35. Qxc7 Qe7 36. Qb8+ Nf8 37. Qd6 Qg5 38. g3 Qc1+ 39. Kg2 Qc8 40.
Qb4 Qc6+ 41. Kg1 Ng6 42. Qc4 Qxc4 43. Bxc4 Kf8 44. f4 Ne7 45. Kf2 Nf5 46. d5
exd5 47. Bxd5 b5 48. Be4 Nd4 49. Ke3 Ne6 50. Bc6 b4 51. Kd3 Ke7 52. Kc4 a5 53.
Bd5 Nc7 54. Kc5 Nxd5 55. Kxd5 a4 56. Kc4 b3 57. axb3 axb3 58. Kxb3 Ke6 59. Kc4
g5 60. Kd4 Kf5 61. fxg5 hxg5 62. h3 f6 63. exf6 Kxf6 64. Ke4 Kg6 65. Ke5 Kg7
66. Kf5 Kh6 67. g4 1-0

[Event "12. Lichtenberger Sommer"]
[Site "Berlin"]
[Date "2013.08.18"]
[Round "2.101"]
[White "Körner, Helmut"]
[Black "Gelman, Josef"]
[Result "0-1"]
[WhiteElo "1910"]
[BlackElo "1570"]
[PlyCount "134"]
[EventDate "2013.??.??"]
[WhiteTeam "Sfr.Nord-Ost Berlin"]
[BlackTeam "SC Weisse Dame e.V."]

1. b4 a5 2. b5 d6 3. Bb2 Nf6 4. e3 Bf5 5. d4 Nbd7 6. Nf3 e6 7. Bd3 Bxd3 8. Qxd3
g6 9. e4 Bg7 10. O-O O-O 11. c4 Nb6 12. a4 Nfd7 13. Nbd2 e5 14. dxe5 Nxe5 15.
Qc2 Qe7 16. Rac1 Nxf3+ 17. gxf3 Bxb2 18. Qxb2 Nxa4 19. Qc2 Nc5 20. Kh1 Qf6 21.
Ra1 b6 22. Ra3 Rfe8 23. Rg1 Re5 24. Nf1 Rg5 25. Rxg5 Qxg5 26. Ne3 Ne6 27. Nd5
Nf4 28. Nxf4 Qxf4 29. Qd1 Re8 30. Re3 Re5 31. Qf1 Rh5 32. Qg2 Qe5 33. Qg1 Kg7
34. Re1 Qf4 35. Re3 h6 36. Qg2 Rc5 37. Qf1 Qe5 38. Re1 Qc3 39. Rc1 Qxf3+ 40.
Qg2 Qxg2+ 41. Kxg2 Kf6 42. f4 Ke6 43. Kf3 f5 44. h4 a4 45. Ke3 fxe4 46. Kxe4
Rh5 47. Rh1 Kf6 48. Rh3 Rc5 49. Kd4 Kf5 50. Rg3 a3 51. Rxa3 Kxf4 52. Ra8 g5 53.
hxg5 hxg5 54. Rf8+ Kg4 55. Rf7 Kg3 56. Rg7 g4 57. Kd3 Kf3 58. Rf7+ Kg2 59. Rg7
g3 60. Kd4 Kf2 61. Rf7+ Kg1 62. Rg7 g2 63. Kd3 Kh2 64. Rh7+ Kg1 65. Rg7 Rh5 66.
Ke2 Kh2 67. Kf2 Rf5+ 0-1

[Event "12. Lichtenberger Sommer"]
[Site "Berlin"]
[Date "2013.08.18"]
[Round "2.102"]
[White "Balliere, Arne"]
[Black "Gnaß, Erhard"]
[Result "1/2-1/2"]
[WhiteElo "1743"]
[BlackElo "1529"]
[PlyCount "84"]
[EventDate "2013.??.??"]
[WhiteTeam "Kon. Oostendse SK"]
[BlackTeam "SK Zehlendorf e.V."]

1. e4 e5 2. Nf3 Nc6 3. Nc3 Nf6 4. d4 exd4 5. Nxd4 d6 6. Bb5 Bd7 7. O-O Be7 8.
Be3 O-O 9. Be2 a6 10. f4 Qc8 11. f5 Nxd4 12. Bxd4 c5 13. Bxf6 Bxf6 14. Qxd6 Qc6
15. Qf4 Bd4+ 16. Kh1 Qf6 17. Nd5 Qe5 18. Rad1 Qxf4 19. Nxf4 Bc6 20. c3 Be5 21.
Nd5 Rfe8 22. Bf3 a5 23. c4 Rab8 24. Rd2 b5 25. b3 b4 26. Rfd1 Bd4 27. f6 Bxd5
28. cxd5 Bxf6 29. d6 Bd4 30. Rxd4 cxd4 31. d7 Red8 32. Rxd4 Kf8 33. Kg1 g6 34.
Kf2 Ke7 35. Bg4 f6 36. Ke3 h5 37. Bh3 g5 38. Bf5 Rb5 39. Kd3 Rc5 40. Rc4 Rxf5
41. exf5 Rxd7+ 42. Rd4 Rd6 1/2-1/2

[Event "12. Lichtenberger Sommer"]
[Site "Berlin"]
[Date "2013.08.18"]
[Round "2.103"]
[White "Stemmler, Frank"]
[Black "Schüler, Wolfgang"]
[Result "0-1"]
[WhiteElo "1377"]
[BlackElo "1880"]
[PlyCount "74"]
[EventDate "2013.??.??"]
[WhiteTeam "SG Eckturm"]
[BlackTeam "SC Friesen Lichtenberg e.V."]

1. e4 e5 2. Nf3 Nc6 3. Bc4 Bc5 4. Nc3 Nf6 5. d3 d6 6. Bg5 h6 7. Bh4 a6 8. a3
Be6 9. Bd5 Bxd5 10. Nxd5 Rg8 11. Qd2 g5 12. Bg3 Nxd5 13. exd5 Ne7 14. c4 f5 15.
h4 f4 16. Bh2 g4 17. Ng1 Nf5 18. Ne2 Nxh4 19. O-O-O Nxg2 20. Bxf4 exf4 21. Nxf4
Nxf4 22. Qxf4 Qg5 23. Qxg5 Rxg5 24. Rxh6 O-O-O 25. Rf6 Rg7 26. Rf4 g3 27. fxg3
Be3+ 28. Kc2 Bxf4 29. gxf4 Rf8 30. Re1 Rxf4 31. Re8+ Kd7 32. Rb8 b6 33. Ra8 a5
34. b4 axb4 35. axb4 Rg2+ 36. Kc3 Rg3 37. Ra3 Rxd3+ 0-1

[Event "12. Lichtenberger Sommer"]
[Site "Berlin"]
[Date "2013.08.18"]
[Round "2.104"]
[White "Baumgaertner, Andre"]
[Black "Schräpel, Manfred"]
[Result "0-1"]
[WhiteElo "1348"]
[BlackElo "1903"]
[PlyCount "62"]
[EventDate "2013.??.??"]
[WhiteTeam "SC Friesen Lichtenberg e.V."]
[BlackTeam "BSV 63 Chemie Weißensee"]

1. d4 d5 2. c4 c6 3. Nc3 Nf6 4. e3 Bf5 5. Nf3 e6 6. a3 Nbd7 7. Be2 h6 8. O-O
Bd6 9. h3 O-O 10. c5 Bc7 11. Bd3 Ne4 12. Qc2 Ndf6 13. Nd2 Nxd2 14. Qxd2 Bxd3
15. Qxd3 e5 16. f3 Re8 17. dxe5 Bxe5 18. f4 Bxc3 19. Qxc3 Ne4 20. Qd4 Ng3 21.
Rf2 Re4 22. Qd3 Qh4 23. Rf3 Rc4 24. Bd2 Ne4 25. Be1 Qf6 26. Bc3 Qe7 27. Bd4
Nxc5 28. Qe2 Rxd4 29. Re1 Re4 30. b4 Ne6 31. Kf2 Nd4 0-1

[Event "12. Lichtenberger Sommer"]
[Site "Berlin"]
[Date "2013.08.18"]
[Round "2.105"]
[White "Schönberger, Kay"]
[Black "Jiranek, Benno"]
[Result "1-0"]
[WhiteElo "1891"]
[BlackElo "1480"]
[PlyCount "123"]
[EventDate "2013.??.??"]
[WhiteTeam "SV Koblenz 03/25"]
[BlackTeam "SC Kreuzberg e.V."]

1. d4 Nf6 2. c4 g6 3. Nc3 Bg7 4. e4 d6 5. f3 O-O 6. Be3 e5 7. d5 Ne8 8. Qc2 f5
9. Bd3 f4 10. Bf2 Bh6 11. O-O-O Kg7 12. Kb1 a5 13. h4 Nf6 14. Nh3 Bxh3 15. Rxh3
Nh5 16. Ne2 Nd7 17. Qc3 Qe7 18. Bc2 b6 19. Rg1 Kh8 20. Be1 Bg7 21. Bd2 Rfb8 22.
Ba4 Nc5 23. Bc6 Ra7 24. Qc2 Na6 25. Rh2 Rf8 26. Qd1 Nb8 27. Bb5 Rc8 28. Be1 c6
29. dxc6 Nxc6 30. Bf2 Qc7 31. Qd5 Nf6 32. Qe6 Re8 33. Qh3 a4 34. g4 Rea8 35. a3
Na5 36. g5 Nh5 37. Qe6 Rb8 38. Rd1 Bf8 39. Nc3 Ng7 40. Qd5 Nb3 41. Bxa4 Nc5 42.
Nb5 Qb7 43. Nxa7 Qxa7 44. Bb5 Nge6 45. h5 Nc7 46. Qc6 Nxb5 47. Qxb5 gxh5 48.
Rxh5 Rb7 49. Qe8 Rb8 50. Qg6 Rb7 51. Rdh1 Rg7 52. Qf6 Kg8 53. Qf5 Rf7 54. Qg4
Rg7 55. Bxc5 bxc5 56. Qh3 Qf7 57. b3 Qa7 58. a4 Rb7 59. Rxh7 Rxb3+ 60. Kc2 Rb7
61. Qe6+ Rf7 62. Rh8+ 1-0

[Event "12. Lichtenberger Sommer"]
[Site "Berlin"]
[Date "2013.08.18"]
[Round "2.106"]
[White "Napoli, Ferdinando"]
[Black "Ziegel, Mandy Marie"]
[Result "0-1"]
[WhiteElo "1732"]
[BlackElo "1548"]
[PlyCount "54"]
[EventDate "2013.??.??"]
[WhiteTeam "C.S. Scacco Matto Como"]
[BlackTeam "Schachclub Oranienburg e.V."]

1. e4 e6 2. d4 d5 3. Nc3 Bb4 4. e5 c5 5. a3 Qa5 6. Bd2 Bxc3 7. Bxc3 Qb6 8. f4
Nc6 9. Nf3 Nge7 10. dxc5 Qxc5 11. Nd4 a6 12. Qd2 O-O 13. b4 Qb6 14. Bd3 Bd7 15.
Nb3 Kh8 16. Rf1 Qd8 17. O-O-O Qc7 18. Rf3 Na7 19. Rh3 Ng6 20. Nc5 Kg8 21. Bb2
Nc6 22. g4 a5 23. b5 Nce7 24. Qe3 Rfc8 25. Bd4 h6 26. Na4 Bxb5 27. Nc5 Bxd3 0-1

[Event "12. Lichtenberger Sommer"]
[Site "Berlin"]
[Date "2013.08.18"]
[Round "2.107"]
[White "Stiemerling, Karl-Heinz"]
[Black "Sidabras, Ignas"]
[Result "0-1"]
[WhiteElo "1609"]
[BlackElo "1690"]
[PlyCount "56"]
[EventDate "2013.??.??"]
[WhiteTeam "SG Eckturm"]
[BlackTeam "SC Kreuzberg e.V."]

1. d4 f5 2. c4 Nf6 3. Nc3 g6 4. Nf3 Bg7 5. h3 d6 6. d5 e5 7. dxe6 Bxe6 8. Nd5
c6 9. Nxf6+ Bxf6 10. Qc2 Na6 11. Bd2 Qb6 12. Bc3 Bxc3+ 13. Qxc3 Qb4 14. O-O-O
Qxc3+ 15. bxc3 Bxc4 16. Rxd6 Bd5 17. e4 fxe4 18. Bxa6 bxa6 19. c4 Ke7 20. c5
exf3 21. Re1+ Kf7 22. gxf3 Rhd8 23. f4 Rxd6 24. cxd6 Re8 25. Re5 Re6 26. d7 Rd6
27. a4 Rxd7 28. Kc2 Re7 0-1

[Event "12. Lichtenberger Sommer"]
[Site "Berlin"]
[Date "2013.08.18"]
[Round "2.108"]
[White "Matitschka, Heinz"]
[Black "Stark, Steven"]
[Result "1-0"]
[WhiteElo "1774"]
[BlackElo "1529"]
[PlyCount "89"]
[EventDate "2013.??.??"]
[WhiteTeam "TSG Oberschöneweide e.V."]
[BlackTeam "BSC Rehberge 1945 e.V."]

1. d4 d5 2. c4 c6 3. Nc3 dxc4 4. e3 b5 5. a4 b4 6. Na2 b3 7. Nc3 Be6 8. Nf3 f6
9. Nd2 Na6 10. Bxc4 Bxc4 11. Nxc4 Rb8 12. O-O e6 13. Qf3 Nb4 14. Rd1 Ne7 15. e4
Nc2 16. Bf4 Ng6 17. Bxb8 Nxa1 18. Bxa7 Nc2 19. a5 Qd7 20. Bb6 Be7 21. Ne2 O-O
22. Qxb3 Nb4 23. Bc5 Bxc5 24. dxc5 Qb7 25. Nd6 Qa6 26. Qxe6+ Kh8 27. Nf7+ Rxf7
28. Qxf7 Qc8 29. Rd7 Qf8 30. Qxf8+ Nxf8 31. Rd8 Kg8 32. Nd4 Kf7 33. Rd6 Nd3 34.
Rxc6 Nxb2 35. a6 Nc4 36. Rc7+ Kg6 37. a7 Ne5 38. a8=Q Nfd7 39. Qe8+ Kh6 40.
Nf5+ Kg5 41. Rxd7 g6 42. Rxh7 gxf5 43. Rh5+ Kf4 44. Rh4+ Kg5 45. Qh5# 1-0

[Event "12. Lichtenberger Sommer"]
[Site "Berlin"]
[Date "2013.08.18"]
[Round "2.109"]
[White "Schlittermann, Wolfgang"]
[Black "Kammler, Hans-Joachim"]
[Result "1-0"]
[WhiteElo "1769"]
[BlackElo "1487"]
[PlyCount "57"]
[EventDate "2013.??.??"]
[WhiteTeam "SV Osram e.V."]
[BlackTeam "vereinslos"]

1. Nf3 e6 2. c4 f5 3. d4 c6 4. Nc3 Nf6 5. Bg5 Bb4 6. Qc2 O-O 7. a3 Be7 8. g3 d5
9. cxd5 cxd5 10. Bg2 Ne4 11. Bxe7 Qxe7 12. O-O Nc6 13. e3 b6 14. Nxd5 exd5 15.
Qxc6 Bb7 16. Qb5 Nd6 17. Qb4 Rf6 18. Ne5 Qe8 19. Rac1 Rc8 20. Rxc8 Qxc8 21. Qb3
Ne4 22. Re1 Kh8 23. Qd1 Qe6 24. Qa4 a6 25. Rc1 b5 26. Qa5 Nd6 27. Qd8+ Qe8 28.
Qxe8+ Nxe8 29. Rc5 1-0

[Event "12. Lichtenberger Sommer"]
[Site "Berlin"]
[Date "2013.08.18"]
[Round "2.110"]
[White "Lippianowski, Stefan"]
[Black "Engelhardt, Erhard"]
[Result "0-1"]
[WhiteElo "1245"]
[BlackElo "1841"]
[PlyCount "56"]
[EventDate "2013.??.??"]
[WhiteTeam "Treptower SV 1949 e.V."]
[BlackTeam "SSV Rotation Berlin e.V."]

1. e4 e6 2. Nc3 d5 3. exd5 exd5 4. Qe2+ Be6 5. d4 Nc6 6. Nf3 Qd7 7. Ne5 Nxe5 8.
Qxe5 O-O-O 9. Nb5 a6 10. a4 f6 11. Na7+ Kb8 12. Bb5 fxe5 13. Bxd7 Rxd7 14. Nc6+
bxc6 15. dxe5 Bc5 16. O-O Rf7 17. Be3 Ba7 18. c3 Ne7 19. b4 Rhf8 20. Bd4 Ng6
21. g3 Rf3 22. b5 c5 23. bxa6 Ka8 24. Rab1 Bc8 25. Be3 d4 26. cxd4 cxd4 27. Bd2
Bxa6 28. Bb4 c5 0-1

[Event "12. Lichtenberger Sommer"]
[Site "Berlin"]
[Date "2013.08.18"]
[Round "2.111"]
[White "Pilgrim, Wilfried"]
[Black "Mueller, Johannes"]
[Result "0-1"]
[WhiteElo "1508"]
[BlackElo "1835"]
[PlyCount "90"]
[EventDate "2013.??.??"]
[WhiteTeam "SC Kreuzberg e.V."]
[BlackTeam "SC Friesen Lichtenberg e.V."]

1. Nf3 f5 2. d4 d5 3. Bf4 Nf6 4. e3 e6 5. Nbd2 Bd6 6. Ne5 O-O 7. Be2 Nbd7 8. c4
c6 9. c5 Bb8 10. Qc2 Nxe5 11. Bxe5 Bxe5 12. dxe5 Nd7 13. f4 Qa5 14. a3 Qxc5 15.
Qxc5 Nxc5 16. b4 Na4 17. Nb3 Bd7 18. Rc1 Rac8 19. g4 g6 20. Nc5 Nxc5 21. bxc5
b6 22. h4 bxc5 23. Rxc5 Rb8 24. Kf2 Rb2 25. Rhc1 fxg4 26. R1c2 Rxc2 27. Rxc2 h5
28. Kg3 Rb8 29. Rc3 Kf7 30. Bd1 Ke7 31. Bc2 Be8 32. Ba4 Rb6 33. Rc1 Ra6 34. Bd1
Rxa3 35. Rb1 c5 36. Rb7+ Bd7 37. Bc2 Rxe3+ 38. Kf2 Rf3+ 39. Kg2 Rxf4 40. Bxg6
c4 41. Bxh5 a5 42. Kg3 Rf8 43. Bxg4 Ra8 44. h5 a4 45. h6 a3 0-1

[Event "12. Lichtenberger Sommer"]
[Site "Berlin"]
[Date "2013.08.18"]
[Round "2.112"]
[White "Alvarez, Luis"]
[Black "Bui, Bao Anh Le"]
[Result "1-0"]
[WhiteElo "1902"]
[BlackElo "1102"]
[PlyCount "77"]
[EventDate "2013.??.??"]
[WhiteTeam "Schachclub Zug um Zug Everswinke"]
[BlackTeam "Treptower SV 1949 e.V."]

1. e4 c5 2. Nf3 d6 3. d4 cxd4 4. Nxd4 Nf6 5. Bd3 a6 6. c4 e5 7. Nf3 Be7 8. h3
h6 9. Nc3 Be6 10. O-O Nbd7 11. Be3 O-O 12. Nd5 Rc8 13. Rc1 Re8 14. Bb1 b5 15.
cxb5 axb5 16. Rxc8 Qxc8 17. Nxe7+ Rxe7 18. Qxd6 Re8 19. Nxe5 Nxe5 20. Qxe5 Bc4
21. Qg3 Bxf1 22. Kxf1 Qd7 23. Bc2 Nxe4 24. Qf4 b4 25. Kg1 Qe6 26. Bb3 Qf6 27.
Qc7 Nd6 28. Qc6 Re7 29. Qb6 Nf5 30. Qd8+ Kh7 31. Bc2 Re6 32. Qxf6 Rxf6 33. g4
Rg6 34. Bxf5 f6 35. Kh2 Kg8 36. Bxg6 Kf8 37. Bc5+ Kg8 38. Bxb4 Kh8 39. a4 1-0

[Event "12. Lichtenberger Sommer"]
[Site "Berlin"]
[Date "2013.08.18"]
[Round "2.113"]
[White "Abraham, Helmut"]
[Black "Bandsom, Olaf"]
[Result "0-1"]
[WhiteElo "1597"]
[BlackElo "1808"]
[PlyCount "64"]
[EventDate "2013.??.??"]
[WhiteTeam "SC Kreuzberg e.V."]
[BlackTeam "SC Friesen Lichtenberg e.V."]

1. e4 e5 2. Nf3 Nc6 3. d4 exd4 4. Nxd4 d6 5. Nc3 g6 6. Bc4 Bg7 7. Qf3 Ne5 8.
Qe2 Nxc4 9. Qxc4 c6 10. O-O Ne7 11. Bg5 O-O 12. f4 d5 13. Qc5 Re8 14. f5 f6 15.
Be3 dxe4 16. Qc4+ Kh8 17. Ne6 Bxe6 18. fxe6 f5 19. Rad1 Nd5 20. Bd4 Bxd4+ 21.
Qxd4+ Qf6 22. Nxd5 Qxd4+ 23. Rxd4 cxd5 24. Rxd5 Rad8 25. Re5 Rd6 26. e7 Rd7 27.
c4 Rexe7 28. Rd5 Rxd5 29. cxd5 Rd7 30. Rd1 Kg7 31. Kf2 Kf6 32. Ke3 Ke5 0-1

[Event "12. Lichtenberger Sommer"]
[Site "Berlin"]
[Date "2013.08.18"]
[Round "2.114"]
[White "Schmole-Rostosky, Joachim"]
[Black "Herrmann, Eberhard"]
[Result "0-1"]
[WhiteElo "1245"]
[BlackElo "1861"]
[PlyCount "74"]
[EventDate "2013.??.??"]
[WhiteTeam "SF Schwarz-Weiß Merzhausen"]
[BlackTeam "SC Friesen Lichtenberg e.V."]

1. e4 e5 2. Nf3 Nc6 3. Bb5 Bc5 4. c3 Nf6 5. d3 d6 6. h3 Bd7 7. Bg5 h6 8. Bh4
Qe7 9. O-O a6 10. Ba4 Ba7 11. Nbd2 g5 12. Bg3 Nh5 13. Kh2 Nf4 14. Bxf4 gxf4 15.
Qc2 Rg8 16. Bxc6 Bxc6 17. d4 O-O-O 18. d5 Bd7 19. c4 f5 20. b4 fxe4 21. Nxe4
Bf5 22. a4 Qg7 23. Rg1 Bxe4 24. Qxe4 Bxf2 25. a5 Bxg1+ 26. Rxg1 Qg6 27. Qxg6
Rxg6 28. Nh4 Rg3 29. Nf3 Rdg8 30. c5 e4 31. Nh4 f3 32. Nf5 Rxg2+ 33. Rxg2 Rxg2+
34. Kh1 dxc5 35. bxc5 Rg5 36. Ne7+ Kd7 37. c6+ bxc6 0-1

[Event "12. Lichtenberger Sommer"]
[Site "Berlin"]
[Date "2013.08.19"]
[Round "3.21"]
[White "Kapr, Klaus"]
[Black "Radovanovic, Jovica"]
[Result "0-1"]
[WhiteElo "2069"]
[BlackElo "2341"]
[PlyCount "68"]
[EventDate "2013.??.??"]
[WhiteTeam "SC Friesen Lichtenberg e.V."]
[BlackTeam "vereinslos"]

1. e4 c5 2. Nf3 d6 3. d4 cxd4 4. Nxd4 Nf6 5. Nc3 Nc6 6. Be2 g6 7. Be3 Bg7 8.
O-O O-O 9. h3 Bd7 10. Qd2 Nxd4 11. Bxd4 Re8 12. Rad1 a6 13. a4 Rc8 14. Qe3 Bc6
15. f3 Nd7 16. Bxg7 Kxg7 17. b3 Qc7 18. Rf2 Qa5 19. Nd5 Bxd5 20. Rxd5 Qc3 21.
Bd3 Nf6 22. Rg5 h6 23. Rg3 Nh5 24. Rg4 e5 25. Rh4 Rh8 26. g3 Qc5 27. Qxc5 Rxc5
28. f4 Rd8 29. b4 Rc3 30. Rxh5 gxh5 31. fxe5 dxe5 32. Kg2 f6 33. Rf1 Rd4 34.
Rb1 a5 0-1

[Event "12. Lichtenberger Sommer"]
[Site "Berlin"]
[Date "2013.08.19"]
[Round "3.22"]
[White "Lorenz, Sascha"]
[Black "Schmidt, Markus"]
[Result "1/2-1/2"]
[WhiteElo "2283"]
[BlackElo "2061"]
[PlyCount "69"]
[EventDate "2013.??.??"]
[WhiteTeam "SK König Tegel 1949 e.V."]
[BlackTeam "SK Turm Bad Hersfeld"]

1. d4 g6 2. c4 Bg7 3. e4 d6 4. Nc3 Nf6 5. Be2 O-O 6. f4 Na6 7. Nf3 e5 8. fxe5
dxe5 9. Nxe5 c5 10. Be3 Qe7 11. O-O cxd4 12. Bxd4 Nxe4 13. Nd5 Qd6 14. Ng4 Bxg4
15. Bxg7 Kxg7 16. Qd4+ f6 17. Bxg4 Qc5 18. Qxc5 Nexc5 19. Rad1 f5 20. Bf3 Rae8
21. b4 Ne4 22. c5 Nb8 23. Nc7 Re7 24. Nb5 Nc6 25. a3 a5 26. Bxe4 fxe4 27. Rxf8
Kxf8 28. Nd4 axb4 29. Nxc6 bxc6 30. axb4 e3 31. Rb1 Re4 32. Kf1 Ke7 33. Ke2 Ke6
34. Kd3 Kd5 35. Ke2 1/2-1/2

[Event "12. Lichtenberger Sommer"]
[Site "Berlin"]
[Date "2013.08.19"]
[Round "3.23"]
[White "Jaeger, Andre"]
[Black "Rietze, Clemens"]
[Result "0-1"]
[WhiteElo "2005"]
[BlackElo "2273"]
[PlyCount "82"]
[EventDate "2013.??.??"]
[WhiteTeam "SC Rochade e.V."]
[BlackTeam "USV Potsdam e.V., Abt. Schach"]

1. d4 Nf6 2. c4 c5 3. Nf3 cxd4 4. Nxd4 b6 5. Nc3 Bb7 6. f3 e6 7. e4 d6 8. Qa4+
Nfd7 9. Be3 Be7 10. Be2 O-O 11. O-O a6 12. f4 Nf6 13. Qc2 Nbd7 14. Rad1 Qc7 15.
Rc1 h5 16. h3 Rfe8 17. g4 hxg4 18. hxg4 e5 19. Nf5 exf4 20. Bxf4 Bf8 21. Bf3 g6
22. Ng3 Qxc4 23. Qd2 Qe6 24. Nd5 Bxd5 25. exd5 Qe7 26. g5 Nh7 27. Rfe1 Qd8 28.
Rxe8 Qxe8 29. Re1 Qd8 30. Bg4 Be7 31. Ne4 Nc5 32. Nxc5 bxc5 33. Qh2 Rb8 34. Re2
Rb4 35. Bf3 Nxg5 36. Bxg5 Bxg5 37. a3 Rd4 38. Re1 Kg7 39. Qg2 Qf6 40. Re8 Bh6
41. Rb8 Be3+ 0-1